Hra o život /
Young adult thriller americké autorky o jednom únosu a jedné zvrácené hře.
Uloženo v:
| Hlavní autor: | |
|---|---|
| Další autoři: | |
| Médium: | E-kniha |
| Jazyk: | Czech |
| Vydáno: |
Praha :
Dobrovský s.r.o.,
[2023]
|
| Edice: | King Cool
|
| Témata: | |
| Tagy: |
Žádné tagy |
| LEADER | 02853nam a2200517 i 4500 | ||
|---|---|---|---|
| 001 | 312213 | ||
| 003 | CZ PrSKC | ||
| 005 | 20260601215718.0 | ||
| 007 | ta | ||
| 008 | 231130t20232023xr d 000 f cze | ||
| 015 | |a cnb003576432 | ||
| 020 | |a 9788027714377 |q (brožováno) | ||
| 035 | |a (OCoLC)1420607784 | ||
| 040 | |a ABG001 |b cze |e rda | ||
| 041 | 1 | |a cze |h eng | |
| 072 | 7 | |a 821.111(73)-3 |x Americká próza |2 Konspekt | |
| 072 | 7 | |a 821-93 |x Literatura pro děti a mládež (beletrie) |2 Konspekt | |
| 080 | |a 821.111(73)-31 |2 MRF | ||
| 080 | |a 821-93 |2 MRF | ||
| 080 | |a (0:82-312.4) |2 MRF | ||
| 100 | 1 | |a Urban, Diana |7 xx0264458 |4 aut | |
| 240 | 1 | 0 | |a These deadly games. |l Česky |
| 245 | 1 | 0 | |a Hra o život / |c Diana Urban ; přeložil Jan David |
| 264 | 1 | |a Praha : |b Dobrovský s.r.o., |c [2023] | |
| 264 | 4 | |c ©2023 | |
| 300 | |a 379 stran ; |c 20 cm | ||
| 336 | |a text |b txt |2 rdacontent | ||
| 337 | |a bez média |b n |2 rdamedia | ||
| 338 | |a svazek |b nc |2 rdacarrier | ||
| 490 | 1 | |a King Cool | |
| 500 | |a Přeloženo z angličtiny | ||
| 500 | |a V tiráži chybné vročení 2021, správně má být: 2023 | ||
| 520 | 2 | |a Young adult thriller americké autorky o jednom únosu a jedné zvrácené hře. |b Když Crystal Donovanová dostane z neznámé aplikace zprávu s nahrávkou svázané sestry s roubíkem v ústech, přistoupí na únoscovu hru. Zpočátku ji nutí do naprosto bizarních úkolů: ukrást test a dát ho do cizí skříňky, upéct brownies, uskutečnit žertovný telefonát. Pak ale Crystal dojde, že každý z úkolů má za cíl zranit - nebo zabít - její přátele. Jednoho po druhém. Jenže když odmítne pokračovat, únosce zabije její sestru. Snaží se někdo vyřadit její tým z boje o účast v turnaji ve videohře? Nebo únosce odhalil tajemství z minulosti a chce, aby pykali za to, co udělali? Crystal se musí rozhodnout. Přátelé, nebo sestra? Musí odhalit pravdu a najít způsob, jak únosce obehrát dřív, než bude pozdě. Nakladatelská anotace. Kráceno. | |
| 655 | 7 | |a americké romány |7 fd131796 |2 czenas | |
| 655 | 7 | |a thrillery (romány) |7 fd184206 |2 czenas | |
| 655 | 7 | |a publikace pro mládež |7 fd133157 |2 czenas | |
| 655 | 9 | |a American fiction |2 eczenas | |
| 655 | 9 | |a thrillers (novels) |2 eczenas | |
| 655 | 9 | |a juvenile literature |2 eczenas | |
| 700 | 1 | |a David, Jan |4 trl | |
| 830 | 0 | |a King Cool | |
| 900 | |a ABA001 |b 20 | ||
| 044 | |a xr | ||
| 910 | |a RBIT002 | ||
| 998 | |d 393011 |a https://core.palmknihy.cz/api/books/393011/cover?s5916a |b https://core.palmknihy.cz/api/books/393011/cover/400?s5916a |c https://core.palmknihy.cz/api/books/393011/cover/50?s5916a |e 2027-10-18 |g 384 |i 9788027714377 |j https://core.palmknihy.cz/api/books/393011/preview.epub |k https://core.palmknihy.cz/api/books/393011/preview.pdf |l |q 49 |r 1 |s https://www.palmknihy.cz/kniha/393011 |t ebook |y 2023 |z 0 | ||
| 999 | |d 312211 | ||